000
00279nam a2200121Ia 4500
005
20251222142029.0
008
251222s9999||||xx |||||||||||||| ||spa||
020
_a
84-261-0545-9
082
_a
891.32/D93I
100
_a
"Dostoievski, Fiodor"
245
0
_a
El idiota
942
_c
LIB
999
_c
10905
_d
10905